Biggest Export Partners For Every Country - Statistics

General Stats
  • This quiz has been taken 49,749 times
    42,601 since last reset
  • The average score is 31 of 45
Answer Stats
Countries Biggest Export Partner % Correct
37 countries China
99%
40 countries United States
99%
Armenia, Belarus, Lithuania, Kyrgyzstan Russia
98%
Madagascar, Seychelles, Spain, Tunisia France
97%
22 countries Germany
97%
Belize, Norway United Kingdom
97%
Andorra, Cape Verde, Morocco, Portugal Spain
96%
Argentina, Paraguay Brazil
94%
Albania, Algeria, Azerbaijan, Eritrea, Greece, Libya, San Marino Italy
94%
Afghanistan, Comoros, Guinea-Bissau, Nepal, Nigeria India
93%
Cuba, United States Canada
92%
Papua New Guinea Australia
90%
Bahrain, Kuwait, Somalia, United Arab Emirates, Yemen Saudi Arabia
89%
Eswatini, Lesotho, Mali, Mauritius, Mozambique, Zimbabwe South Africa
87%
Egypt Turkey
86%
East Timor Indonesia
85%
Qatar, Kiribati, Palau Japan
84%
Sweden Norway
84%
Estonia Finland
79%
Somoa, Tonga New Zealand
77%
Montenegro Serbia
76%
Laos, Maldives, Nauru Thailand
71%
12 countries United Arab Emirates
70%
Syria Iraq
70%
Moldova Romania
70%
Rwanda D.R. Congo
67%
Latvia Lithuania
66%
Marshall Islands Denmark
65%
Iceland, Ivory Coast, São Tomé & Principe Netherlands
65%
Vanuatu Malaysia
62%
Djibouti Ethiopia
57%
Kosovo Albania
53%
Croatia Slovenia
52%
Brunei Singapore
51%
Malawi Belgium
49%
Burkina Faso, Lebanon, Tajikistan, Zambia Switzerland
44%
Gambia Senegal
42%
Benin Bangladesh
41%
Ethiopia Somalia
40%
Senegal Mali
38%
Kenya Uganda
35%
Liberia Ivory Coast
32%
Cyprus Lebanon
31%
Togo Burkina Faso
18%
Dominica St. Kitts & Nevis
13%
No matching quizzes found
Score Distribution
Percent of People with Each Score
Percentile by Number Answered
Your Score History
You have not taken this quiz since the last reset